| 000 | 00331nam a22001337a 4500 | ||
|---|---|---|---|
| 008 | 170414b xxu||||| |||| 00| 0 eng d | ||
| 020 | _a9780471419778 | ||
| 041 | _aeng | ||
| 080 |
_25TH _a612.39 |
||
| 100 | _a10 | ||
| 101 | _aSHM | ||
| 245 |
_aNUTRITION FOR FOODSERVICE & CULINARY PROFESSIONALS _cDRUMMOND, K.E |
||
| 942 |
_2udc _cBK |
||
| 999 |
_c10720 _d10720 |
||